1318 1721 1071 1082 1896 1042 1375 1311 1631 1189 1812 1913 1087 1989 1040 1350 1734 1984 1931 1772 1407 1369 1529 1007 1367 1009 1988 1657 1449 1024 1757 1847 1446 1295 1897 1203 1881 1086 1253 1568 1290 1799 1500 1353 1101 1438 1754 1348 1115 1577 1711 1316 1353 2000 1496 1226 1145 1064 1481 1596 1796 1440 1319 1750 1432 1446 1106 1734 1164 1065 1300 1446 1316 1092 1929 1380 1721 1274 1609 1474 1349 1184 1683 1915 1650 1506 1271 1396 1463 1385 1175 1114 1585 1937 1412 1234 1331 1216 1335 BCNSPRNW ULIB Ver.6.0+V

เปลี่ยนเป็นภาษาไทย

Change to English
 แสดงรายละเอียดบรรณานุกรม
  กลับหน้าหลัก

Brief Record : Get Marc (ISO 2709) : E-mail record : QR code < ปิดหน้าต่าง
LEADER : 00000nam 2200000uu 4500
001    13399110654
003     ULIB
008    110607s2551||||th 000 0 tha d
020    9789749507094 (เล่ม 1)
020    9749507096 (ล.1)
060 04 WS13^bม546ส ล.1 2551
100 1  มัตสุดะ, มิชิโอะ
245 10 สารานุกรมการเลี้ยงดูเด็ก =^bIkuji no hyakka /^cเขียนโดยมิชิโอะ มัตสุดะ ; แปลเรียบเรียง, พรอนงค์ นิยมค้า
246 13 Ikuji no hyakka
250    พิมพ์ครั้งที่ 23
260    กรุงเทพฯ :^bหมอชาวบ้าน,^c2551
300    2 เล่ม :^bภาพประกอบ ;^c22 ซม.
650  7 เด็ก, การดูแล^vสารานุกรม
650  7 เด็ก, การเลี้ยง^vสารานุกรม
650  7 ทารก, การดูแล^vสารานุกรม
700 0  พรอนงค์ นิยมค้า,^eผู้แปล
945    ^p250^l0^i023634
945    ^p250^l0^i023635
995    ทศพร
999 ^a ใช้งานได้ทุกระบบ
รายการนี้ยังไม่มีแท็ก
คุณยังไม่ได้ล็อกอิน คุณสามารถมีกิจกรรมร่วมกับเว็บไซต์ได้ แต่ต้องล็อกอินก่อน ::
  ล็อกอิน

รายการสื่อสารสนเทศ

ลำดับที่ ประเภท เลขเรียก/บาร์โค้ด สถานที่ สถานะ
- ไม่พบข้อมูล -

รายการใกล้เคียง
    ผู้แต่ง [มัตสุดะ, มิชิโอะ]

BibComment


ยังไม่เคยถูกคอมเมนท์

คอมเมนท์ทรัพยากรรายการนี้
  คอมเมนท์: สารานุกรมการเลี้ย..


 Copyright 2026. Bcnsprnw @Library